Video games by characters - Statistics

General Stats
  • This quiz has been taken 137 times
  • The average score is 56 of 80
Answer Stats
Question Tile Select % Correct
Which characters are in Super Mario Cauli No
99%
Which characters are in Super Mario Joel No
99%
Which characters are in Super Mario Frog No
98%
Which characters are in Super Mario Luigi Yes
98%
Which characters are in Super Mario Mario Yes
98%
Which characters are in Super Mario Mike No
98%
Which characters are in Super Mario Peach Yes
97%
Which characters are in Super Mario Pear No
95%
Which characters are in Super Mario Tulip No
95%
Which characters are in Super Mario Toad Yes
93%
Which characters are in Super Mario Bowser Yes
92%
Which characters are in Super Mario Bowser Jr. Yes
89%
What characters are in The Legend of Zelda Billy the kid No
88%
Which characters are in Super Mario Daisy Yes
88%
What characters are in The Legend of Zelda George No
88%
Which characters are in Super Mario Goomba Yes
88%
What characters are in The Legend of Zelda Bridge No
85%
Which characters are in Super Mario Browser the third No
85%
What characters are in Mortal Kombat Red ninja No
85%
What characters are in Mortal Kombat George the slayer No
84%
What characters are in The Legend of Zelda tani No
84%
What characters are in The Legend of Zelda Canon No
83%
What characters are in The Legend of Zelda King k. rool No
83%
What characters are in Mortal Kombat Mickey cell No
83%
What characters are in The Legend of Zelda Tammy No
83%
What characters are in Mortal Kombat Too hot No
83%
What characters are in The Legend of Zelda Zelda Yes
82%
What characters are in Mortal Kombat Jackie Chan No
81%
What characters are in The Legend of Zelda Link Yes
81%
What characters are in Mortal Kombat tano No
79%
What characters are in Mortal Kombat Sub Zero Yes
78%
What characters are in Mortal Kombat scorpion Yes
77%
What characters are in Mortal Kombat Storm No
77%
What characters are in Overwatch Writer No
76%
Which characters are in Super Mario Browser No
75%
What characters are in Overwatch B.va No
75%
What characters are in Overwatch Cruelty No
75%
What characters are in Overwatch Jamal No
75%
What characters are in The Legend of Zelda Mavi No
74%
What characters are in Overwatch Jackie Chan No
73%
What characters are in The Legend of Zelda Milda No
73%
What characters are in Overwatch Murphy No
73%
What characters are in Overwatch Youngboy No
73%
What characters are in Mortal Kombat Raiden Yes
71%
What characters are in Mortal Kombat Johnny cage Yes
69%
what characters are in Apex Legends Sarah No
66%
What characters are in Overwatch Soldier 42 No
66%
what characters are in Apex Legends Jose No
65%
What characters are in Mortal Kombat Kitana Yes
65%
what characters are in Apex Legends Sunset No
65%
what characters are in Apex Legends Illusion No
64%
What characters are in Mortal Kombat Chun-li No
63%
what characters are in Apex Legends C.J No
63%
what characters are in Apex Legends Hack No
63%
What characters are in The Legend of Zelda Ganon Yes
59%
What characters are in Overwatch Mercy Yes
58%
What characters are in Overwatch Tracer Yes
58%
what characters are in Apex Legends Tracker No
58%
what characters are in Apex Legends Covenant No
57%
What characters are in Overwatch D.va Yes
57%
What characters are in Mortal Kombat Shang Tsung Yes
55%
What characters are in Mortal Kombat Mileena Yes
53%
What characters are in Overwatch Winston Yes
53%
What characters are in Overwatch Genji Yes
52%
What characters are in Mortal Kombat kano Yes
52%
What characters are in Overwatch Soldier 76 Yes
51%
what characters are in Apex Legends Octane Yes
49%
What characters are in Overwatch Mcree Yes
48%
what characters are in Apex Legends Mirage Yes
47%
What characters are in Overwatch Lucio Yes
46%
What characters are in The Legend of Zelda Navi Yes
45%
what characters are in Apex Legends Revenant Yes
43%
what characters are in Apex Legends Horizon Yes
38%
what characters are in Apex Legends Rampart Yes
38%
what characters are in Apex Legends Crypto Yes
35%
What characters are in The Legend of Zelda Mipha Yes
35%
what characters are in Apex Legends Wattson Yes
35%
What characters are in The Legend of Zelda Skull kid Yes
33%
what characters are in Apex Legends Loba Yes
32%
What characters are in The Legend of Zelda Aryll Yes
24%
No matching quizzes found
Score Distribution
Percent of People with Each Score
Percentile by Number Answered
Your Score History
You have not taken this quiz